<?xml version="1.0" encoding="UTF-8"?>
<collection xmlns="http://www.loc.gov/MARC21/slim">
    <record>
        <controlfield tag="001">71067</controlfield>
        <controlfield tag="005">20200217133051.0</controlfield>
        <datafield tag="024" ind1="8" ind2=" ">
            <subfield code="2">sideral</subfield>
            <subfield code="a">106679</subfield>
        </datafield>
        <datafield tag="037" ind1=" " ind2=" ">
            <subfield code="a">ART-2017-106679</subfield>
        </datafield>
        <datafield tag="041" ind1=" " ind2=" ">
            <subfield code="a">spa</subfield>
        </datafield>
        <datafield tag="100" ind1=" " ind2=" ">
            <subfield code="0">(orcid)0000-0002-6596-2695</subfield>
            <subfield code="a">Albesa Pedrola, Elena</subfield>
            <subfield code="u">Universidad de Zaragoza</subfield>
        </datafield>
        <datafield tag="245" ind1=" " ind2=" ">
            <subfield code="a">Una frontera lingüística: castellano, aragonés y catalán en el Teruel del siglo xvii</subfield>
        </datafield>
        <datafield tag="260" ind1=" " ind2=" ">
            <subfield code="c">2017</subfield>
        </datafield>
        <datafield tag="506" ind1="0" ind2=" ">
            <subfield code="a">Access copy available to the general public</subfield>
            <subfield code="f">Unrestricted</subfield>
        </datafield>
        <datafield tag="520" ind1="3" ind2=" ">
            <subfield code="a">El presente artículo aborda los influjos lingüísticos que se producen desde el catalán hacia el castellano de Aragón a principios del siglo XVII. El estudio de tales influjos se centra en el análisis lingüístico de un acta notarial original, denominada la Concordia, que data de 1624 y en la que participan las localidades de Alcañiz, Valdealgorfa, Valjunquera, La Codoñera y Torrecilla, todas ellas poblaciones situadas en el Bajo Aragón turolense.Los resultados de este estudio muestran, por un lado, unos influjos directos por parte del catalán en la fonética y en el léxico castellanos y, por otro lado, unas coincidencias lingüísticas entre el catalán y ciertas piezas que todavía se mantienen vivas en esta zona procedentes del aragonés medieval que se habló varios siglos antes.

This article discusses the linguistic influences of Catalan on the Spanish language spoken in Aragon at the beginning of the seventeenth century. Research on these influences is based on the analysis of an original affidavit called the Concordia, written in 1624. The Concordia involves the settlements of Alcan~iz, V aldealgorfa, V aljunquera, La Codon~era and Torrecilla, all of them located in the northeast of Aragon. The results of this study show direct Catalan influences on Aragonese Spanish phonetics and vocabulary. Moreover, they reveal linguistic coincidences between Catalan and Medieval Aragonese, a language spoken some centuries ago in this territory which still survives in some features of Aragonese Spanish.</subfield>
        </datafield>
        <datafield tag="540" ind1=" " ind2=" ">
            <subfield code="9">info:eu-repo/semantics/openAccess</subfield>
            <subfield code="a">by-nc-nd</subfield>
            <subfield code="u">http://creativecommons.org/licenses/by-nc-nd/3.0/es/</subfield>
        </datafield>
        <datafield tag="655" ind1=" " ind2="4">
            <subfield code="a">info:eu-repo/semantics/article</subfield>
            <subfield code="v">info:eu-repo/semantics/acceptedVersion</subfield>
        </datafield>
        <datafield tag="710" ind1="2" ind2=" ">
            <subfield code="1">3010</subfield>
            <subfield code="2">567</subfield>
            <subfield code="a">Universidad de Zaragoza</subfield>
            <subfield code="b">Dpto. Lingüíst. Gral. e Hisp.</subfield>
            <subfield code="c">Área Lengua Española</subfield>
        </datafield>
        <datafield tag="773" ind1=" " ind2=" ">
            <subfield code="g">14, 2 (2017), 2-12</subfield>
            <subfield code="p">Res diachronicae</subfield>
            <subfield code="t">Res diachronicae</subfield>
            <subfield code="x">1579-5977</subfield>
        </datafield>
        <datafield tag="856" ind1="4" ind2="1">
            <subfield code="u">https://resdiachronicae.files.wordpress.com/2017/07/1_albesapedrola.pdf</subfield>
            <subfield code="z">Texto completo de la revista</subfield>
        </datafield>
        <datafield tag="856" ind1="4" ind2=" ">
            <subfield code="s">136117</subfield>
            <subfield code="u">http://zaguan.unizar.es/record/71067/files/texto_completo.pdf</subfield>
            <subfield code="y">Postprint</subfield>
        </datafield>
        <datafield tag="856" ind1="4" ind2=" ">
            <subfield code="s">71787</subfield>
            <subfield code="u">http://zaguan.unizar.es/record/71067/files/texto_completo.jpg?subformat=icon</subfield>
            <subfield code="x">icon</subfield>
            <subfield code="y">Postprint</subfield>
        </datafield>
        <datafield tag="909" ind1="C" ind2="O">
            <subfield code="o">oai:zaguan.unizar.es:71067</subfield>
            <subfield code="p">articulos</subfield>
            <subfield code="p">driver</subfield>
        </datafield>
        <datafield tag="951" ind1=" " ind2=" ">
            <subfield code="a">2020-02-17-12:42:59</subfield>
        </datafield>
        <datafield tag="980" ind1=" " ind2=" ">
            <subfield code="a">ARTICLE</subfield>
        </datafield>
    </record>

    
</collection>